Business communication today / (Record no. 966)

000 -LEADER
fixed length control field 01136cam a22003254a 4500
001 - CONTROL NUMBER
control field 12645990
003 - CONTROL NUMBER IDENTIFIER
control field OSt
005 - DATE AND TIME OF LATEST TRANSACTION
control field 20140116120842.0
008 - FIXED-LENGTH DATA ELEMENTS--GENERAL INFORMATION
fixed length control field 020116s2003 njuab b 001 0 eng
010 ## - LIBRARY OF CONGRESS CONTROL NUMBER
LC control number 2002017097
020 ## - INTERNATIONAL STANDARD BOOK NUMBER
International Standard Book Number 0130928585
040 ## - CATALOGING SOURCE
Original cataloging agency DLC
Transcribing agency DLC
Modifying agency DLC
042 ## - AUTHENTICATION CODE
Authentication code pcc
043 ## - GEOGRAPHIC AREA CODE
Geographic area code n-us---
050 00 - LIBRARY OF CONGRESS CALL NUMBER
Classification number HF5718.B66 2012
082 00 - DEWEY DECIMAL CLASSIFICATION NUMBER
Classification number 658.4/5
Edition number 21
100 1# - MAIN ENTRY--PERSONAL NAME
Personal name Bovée, Courtland L.
245 10 - TITLE STATEMENT
Title Business communication today /
Statement of responsibility, etc Courtland L. Bovée, John V. Thill, Barbara E. Schatzman.
250 ## - EDITION STATEMENT
Edition statement 7th ed.
260 ## - PUBLICATION, DISTRIBUTION, ETC. (IMPRINT)
Place of publication, distribution, etc Upper Saddle River, NJ :
Name of publisher, distributor, etc Prentice Hall,
Date of publication, distribution, etc c2003.
300 ## - PHYSICAL DESCRIPTION
Extent 1 v. (various pagings) :
Other physical details col. ill., col. map ;
Dimensions 29 cm.
504 ## - BIBLIOGRAPHY, ETC. NOTE
Bibliography, etc Includes bibliographical references and index.
650 #0 - SUBJECT ADDED ENTRY--TOPICAL TERM
Topical term or geographic name as entry element Business communication
Geographic subdivision United States
Form subdivision Case studies.
650 #0 - SUBJECT ADDED ENTRY--TOPICAL TERM
Topical term or geographic name as entry element Communication in organizations
Geographic subdivision United States
Form subdivision Case studies.
700 1# - ADDED ENTRY--PERSONAL NAME
Personal name Thill, John V.
700 1# - ADDED ENTRY--PERSONAL NAME
Personal name Schatzman, Barbara E.
906 ## - LOCAL DATA ELEMENT F, LDF (RLIN)
a 7
b cbc
c orignew
d 1
e ocip
f 20
g y-gencatlg
942 ## - ADDED ENTRY ELEMENTS (KOHA)
Source of classification or shelving scheme
Koha item type Book
Holdings
Withdrawn status Lost status Source of classification or shelving scheme Damaged status Not for loan Home library Current library Shelving location Date acquired Total Checkouts Total Renewals Full call number Barcode Date last seen Date checked out Copy number Price effective from Koha item type
          Riara University Library Riara University Library Short Loan 03/07/2012 72 1 HF5718.B66 2012 3422/12 23/10/2019 23/10/2019 C.1 03/07/2012 Book on Shortloan
          Riara University Library Riara University Library Short Loan 03/07/2012 53 4 HF5718.B66 2012 3421/12 18/02/2026 03/02/2026 C.2 03/07/2012 Book on Shortloan
          Riara University Library Riara University Library   03/07/2012 47 4 HF5718.B66 2012 3420/12 10/12/2019 29/11/2019 C.3 03/07/2012 Book

Riara University Library,
P.O. Box 49940-00100,
Nairobi, Kenya.